Coco avant Chanel : l'amore prima del mito /

Đã lưu trong:
Chi tiết về thư mục
Tác giả chính: Desplat, Alexandre (Nhà soạn nhạc)
Tác giả khác: Fontaine, Camille (Người viết kịch bản), Beaucarne, Christophe (Nhiếp ảnh gia), Poelvoorde, Benoît (Diễn viên), Nivola, Alessandro (Diễn viên), Rover, Regis (Diễn viên), Duffas, Yan (Diễn viên), Leibovici, Roch (Diễn viên), Fontaine, Anne, (1959- ) (Giám đốc), Devos, Emmanuelle (Diễn viên), Gillain, Marie (Diễn viên), Tautou, Audrey (Diễn viên)
Định dạng: Slide
Ngôn ngữ:Tiếng Italy
Nhiều Ngôn ngữ
Được phát hành: Milano : Warner home video [distributore], 2009
Các nhãn: Thêm thẻ
Không có thẻ, Là người đầu tiên thẻ bản ghi này!

MARC

LEADER 00000ngm a22000007i 4500
001 IT\ICCU\RAV\1867511
003 ItRI
005 20260124182808.0
008 091228s2009 it |||||||||||||||k|||||c
024 3 1 |a 5051891007338 
024 3 1 |a 5051891007352  |b Versione noleggio 
028 4 2 |a Z8Y26264 
040 |b ita 
041 7 |a ita  |a mul  |2 ISO-639-2 
082 |a 791.43  |9 CINEMA  |2 19 
130 0 |a Coco avant Chanel <film ; 2009>  |3 IT\ICCU\RT1\1001749  |9 Fontaine, Anne <1959- > 
245 0 0 |a Coco avant Chanel :  |b l'amore prima del mito /  |c un film di Anne Fontaine ; screenplay by Anne Fontaine and Camille Fontaine ; freely adapted from the novel by Edmond Charles-Roux ; director of photography Christophe Beaucarne ; music Alexandre Desplat. 
260 |a Milano :  |b Warner home video [distributore],  |c 2009 
300 |a 1 DVD-Video (ca. 110 min.) :  |b color., sonoro 
500 |a Caratteristiche tecniche: regione 2; video 2.35:1, 16:9, adatto ad ogni tipo di tv; audio Dolby digital 5.1 
500 |a Titolo del contenitore 
500 |a Film del 2009; produzione: Francia, Belgio 
500 |a Interpreti: Audrey Tautou, Benoît Poelvoorde, Alessandro Nivola, Marie Gillain, Emmanuelle Devos, Regis Royer, Yan Duffas, Roch Leibovici 
500 |a Lingue: italiano, spagnolo, tedesco, francese; sottotitoli: italiano, spagnolo, tedesco e per non udenti in italiano e in tedesco 
500 |a Contenuti speciali: commento di Anne Fontaine; l'incontro; la produzione. 
700 1 |a Charles-Roux, Edmonde  |0 IT\ICCU\CFIV\103408  |4 ant 
700 1 |a Fontaine, Camille  |0 IT\ICCU\LIGV\001497  |4 sce 
700 1 |a Beaucarne, Christophe  |0 IT\ICCU\LO1V\356204  |4 pht 
700 1 |a Poelvoorde, Benoît  |0 IT\ICCU\RAVV\222165  |4 act 
700 1 |a Nivola, Alessandro  |0 IT\ICCU\RAVV\300878  |4 act 
700 1 |a Rover, Regis  |0 IT\ICCU\RAVV\646691  |4 act 
700 1 |a Duffas, Yan  |0 IT\ICCU\RAVV\646692  |4 act 
700 1 |a Leibovici, Roch  |0 IT\ICCU\RAVV\646693  |4 act 
700 1 |a Fontaine, Anne,  |d  (1959- )  |0 IT\ICCU\TO0V\578495  |4 drt 
700 1 |a Devos, Emmanuelle  |0 IT\ICCU\TO0V\635621  |4 act 
700 1 |a Desplat, Alexandre  |0 IT\ICCU\UBOV\493465  |4 cmp 
700 1 |a Gillain, Marie  |0 IT\ICCU\UBOV\493734  |4 act 
700 1 |a Tautou, Audrey  |0 IT\ICCU\UBOV\701323  |4 act 
942 |2 ddc  |c VM  |n 0 
952 |0 0  |1 0  |4 0  |6 VO_1790_000000000000000  |7 0  |9 26413  |a BO  |b BO  |d 2026-01-24  |i 13781  |l 0  |o VO 1790  |p BO13781  |r 2026-01-24 18:28:08  |w 2026-01-24  |x [Sebina 5] [1 dvd]  |y VM  |z 1 dvd 
999 |c 22325  |d 22325